| 000 | 00611nam a22002057a 4500 | ||
|---|---|---|---|
| 003 | DO-SdBNP | ||
| 005 | 20171129152850.0 | ||
| 008 | 171116b 1997 nyu ||||| |||| 00| 0 spa d | ||
| 020 | _a0312427298 | ||
| 040 |
_aBPMSU _bspa _cBPMSU |
||
| 092 |
_axxxx _bxxxx |
||
| 100 | 1 | _aDiamant, Anita | |
| 245 | 1 | 0 |
_aThe red tent / _cAnita Diamant. |
| 250 | _a10th anniversary ed | ||
| 260 |
_aNew York, NY : /St. Martin's Press, _bPicador /St. Martin's Press, _c1997. |
||
| 300 |
_a321 p. ; _c21 cm. |
||
| 942 |
_2ddc _cBK |
||
| 945 | _aInventariado extranjero / 2017 YL | ||
| 956 |
_aLOPEREZ _b10 _c20171116 _d0041 |
||
| 999 |
_c12913 _d12913 |
||